LIBRARY & INFORMATION CENTRE, KCAET, TAVANUR

ONLINE PUBLIC ACCESS CATALOGUE (OPAC)

Comparative study of infiltration rate measurement using double ring infiltrometer and rainfall simulator (Record no. 15228)

MARC details
000 -LEADER
fixed length control field 00740nam a22001817a 4500
003 - CONTROL NUMBER IDENTIFIER
control field OSt
088 ## - REPORT NUMBER
Report number P 125
100 ## - MAIN ENTRY--AUTHOR NAME
Personal name RASMI S. N
245 ## - TITLE STATEMENT
Title Comparative study of infiltration rate measurement using double ring infiltrometer and rainfall simulator
260 ## - PUBLICATION, DISTRIBUTION, ETC. (IMPRINT)
Place of publication Tavanur 2002
Name of publisher Kelappaji College of Agricultural Engineering and Technology
300 ## - PHYSICAL DESCRIPTION
Number of Pages 65
500 ## - GENERAL NOTE
General note Comparative study of infiltration rate measurement using double ring infiltrometer and rainfall simulator
520 ## - SUMMARY, ETC.
Summary, etc Comparative study of infiltration rate measurement using double ring infiltrometer and rainfall simulator
700 ## - ADDED ENTRY--PERSONAL NAME
Personal name Yesudas Zacharia
700 ## - ADDED ENTRY--PERSONAL NAME
Personal name Er. Shyla Joseph (Guide)
942 ## - ADDED ENTRY ELEMENTS (KOHA)
Koha item type Project Report
Holdings
Collection code Home library Current library Shelving location Full call number Accession Number Koha item type
Reference KAUAET KAUAET Reference 631.75807 RAS/CO P 125 Project Report
free website counter